000 00513nam a2200205Ia 4500
003 0100
008 130307s9999 xx 000 0 und d
020 _a0865436088
040 _cARRUPELIB
050 _aHC800.D455 1997
100 _aDeng, Lual A
245 _aRethinking African development
245 _btoward a framework for social integration and ecological harmony
260 _aTrenton
260 _bAfrica World Press
260 _c1997
300 _a297p.
650 _aECONOMICS
942 0 0 _01
999 _c92999
_d92999